Państwa graniczące z NATO - Statystyki

Ogólne statystyki
  • Ten quiz został rozwiązany 132 razy
  • Średni wynik to 18 z 26
Statystyki odpowiedzi
Państwo % Poprawnych
Rosja
100%
Ukraina
89%
Meksyk
87%
Białoruś
86%
Szwecja
79%
Serbia
78%
Andora
77%
Szwajcaria
77%
Finlandia
74%
Irak
70%
Watykan
70%
Armenia
69%
Bośnia i Hercegowina
69%
Kosowo
68%
Mołdawia
68%
Syria
68%
Gruzja
67%
San Marino
67%
Austria
66%
Irlandia
63%
Iran
62%
Azerbejdżan
61%
Monako
59%
Maroko
44%
Brazylia
42%
Surinam
33%
Nie znaleziono quizów pasujących do podanych kryteriów
Rozkład punktacji
Procent ludzi z każdym wynikiem
Percentyl według liczby udzielonych odpowiedzi
Twoja historia wyników
Nie rozwiązałeś tego quizu